| 000 | 00601nam a2200169 i 4500 | ||
|---|---|---|---|
| 001 | 182741 | ||
| 003 | ES-MaACL | ||
| 005 | 20230906221710.0 | ||
| 008 | 131022s1965 sp |||| | spa d | ||
| 100 | 0 |
_aRull Sabater, Alberto. _9100979 |
|
| 245 | 1 | 3 |
_aLa Seguridad Social como factor de distribución de la renta / _cpor Alberto Rull Sabater. |
| 260 |
_a[Madrid : _bMoneda y Crédito, _c1965] |
||
| 300 |
_aP-77-83 ; _c24 cm. |
||
| 595 | _aSeparata: Moneda y Crédito: revista de economía, nº 95, diciembre 1965. | ||
| 650 |
_aSeguridad social- _zEspaña. _917023 |
||
| 852 |
_aES-MaACL _j2327-F-13 |
||
| 999 |
_c182741 _d182741 |
||